000 01353nam a2200217Ia 4500
003 Ost
005 20260507075019.0
008 260507s9999||||xx |||||||||||||| ||und||
040 _cfsecg
041 _aara
082 _a657
100 _aالقباني ، ثناء علي
_eمؤلف
245 0 _aالرقابة المحاسبية الداخلية في النظامين اليدوي والإلكتروني /
_c ثناء علي القباني
260 _aالإسكندرية:
_bالدار الجامعية,
_c2005
300 _a353 صفحة؛
_bإيضاحات ؛
_c24 سم
520 _aالطبيعة العامة للرقابة المحاسبية الداخلية-الرقابة المحاسبية الداخلية باستخدام أسلوب الدورة العملية-المعاينة لإتمام اختبار التطابق مع الرقابة المحاسبية الداخلية-الرقابة المحاسبية الداخلية في بيئة تشغيل البيانات الإلكترونية-دراسة وتقييم الرقابة المحاسبية الداخلية في بيئة تشغيل البيانات الإلكترونية-البرامج العامة للمراجعة داخل الكمبيوتر
653 _aالرقابة
653 _aالمحاسبة
653 _aالمحاسبة الآلية
942 _cكتاب
999 _c42254
_d42254